Global agricultural trade and developing countries (Record no. 63904)

MARC details
000 -LEADER
fixed length control field 01723nam a2200277 a 4500
008 - FIXED-LENGTH DATA ELEMENTS--GENERAL INFORMATION
fixed length control field 120416s2005 ||||||||||||||||| || u
020 ## - INTERNATIONAL STANDARD BOOK NUMBER
International Standard Book Number 0821358634
100 ## - MAIN ENTRY--PERSONAL NAME
Personal name Beghin, John C
245 10 - TITLE STATEMENT
Title Global agricultural trade and developing countries
Statement of responsibility, etc. edited by M. Ataman Aksoy and John C. Beghin
260 ## - PUBLICATION, DISTRIBUTION, ETC.
Place of publication, distribution, etc. Washington, D.C.:
Name of publisher, distributor, etc. World Bank
Date of publication, distribution, etc. 2005
300 ## - PHYSICAL DESCRIPTION
Extent xviii, 329p.: ill. + CD-ROM
350 ## -
-- 0.00
490 ## -
-- Trade and decvelopment series
500 ## - GENERAL NOTE
General note Text accompanied by a CD copy
650 ## - SUBJECT ADDED ENTRY--TOPICAL TERM
Topical term or geographic name entry element AGRICULTURE
650 ## - SUBJECT ADDED ENTRY--TOPICAL TERM
Topical term or geographic name entry element PRODUCE TRADE--DEVELOPING COUNTRIES
650 ## - SUBJECT ADDED ENTRY--TOPICAL TERM
Topical term or geographic name entry element PRODUCE TRADE--GOVERNMENT POLICY--DEVELOPING COUNTRIES
700 ## - ADDED ENTRY--PERSONAL NAME
Personal name Aksoy, M. Ataman
710 ## - ADDED ENTRY--CORPORATE NAME
Corporate name or jurisdiction name as entry element World Bank
995 ## -
-- MEDICAL LIBRARY OPEN ACCESS
-- 903625
-- CBU-SCHOOL OF MEDICINE LIBRARY (Ndola)
-- 0.00
-- HD 9018.D44 Glo
-- 6
-- AVAILABLE
-- May 9, 2016
-- 903625
-- Medical Library Open Access Collection
995 ## -
-- MAIN LIBRARY OPEN ACCESS
-- 745970
-- CBU-MAIN LIBRARY (Kitwe)
-- 0.00
-- HD 9018.D44 Glo
-- 3
-- AVAILABLE
-- Apr 25, 2016
-- 745971
-- Main Library Open Access Collection
995 ## -
-- SPECIAL COLLECTIONS
-- 500434
-- CBU-DAG HAMMARSKJOLD INSTITUTE LIBRARY
-- 0.00
-- HD 9018.D44 Glo
-- 5
-- AVAILABLE
-- May 9, 2016
-- 500434
-- DHIPS Book Collection
995 ## -
-- SPECIAL COLLECTIONS
-- 500433
-- CBU-DAG HAMMARSKJOLD INSTITUTE LIBRARY
-- 0.00
-- HD 9018.D44 Glo
-- 4
-- AVAILABLE
-- May 9, 2016
-- 500433
-- DHIPS Book Collection
995 ## -
-- MAIN LIBRARY OPEN ACCESS
-- 745970
-- CBU-MAIN LIBRARY (Kitwe)
-- 45.00
-- HD 9018.D44 Glo
-- 2
-- AVAILABLE
-- Apr 25, 2016
-- 745970
-- Main Library Open Access Collection
995 ## -
-- SPECIAL COLLECTIONS
-- 0.00
-- IBRD(02)2005/36
-- CBU-MAIN LIBRARY (Kitwe)
-- 1
-- 0.00
-- IBRD(02)2005/ 36
-- 1
-- AVAILABLE
-- 56207
-- International Publications
999 ## -
-- 63904
-- 63904

No items available.